Melo Antunes (Record no. 46285)

MARC details
000 -Etiqueta do registo
Valores 00833nam a2200265 4500
010 ## - Número ISBN
ISBN 9789727803736
021 ## - Número do Depósito Legal
Número 351334/12
100 ## - Dados gerais de processamento
Dados gerais 20130711d2012 m y0pory50030103ba
101 1# - Língua de publicação
Língua por
102 ## - País de publicação
País PT
200 1# - Titulo e menção de responsabilidade
Título próprio Melo Antunes
Informação de outro título uma biografia política
Primeira menção de responsabilidade Maria Inácia Rezola
Outras menções de responsabilidade pref. António Lobo Antunes
205 ## - Menção da edição
Edição 1.ª ed.
210 #9 - Publicação
Local de publicação Lisboa
Nome do editor Âncora,
Data de publicação 2012
215 ## - Descrição física 
Paginação / Volumes 791 p., [32] p. il.
Outras indicações físicas il.
Dimensões 24 cm
225 2# - Colecção 
Título próprio da colecção Pessoas
600 ## - Nome de pessoa usado como assunto
Apelido Antunes,
Nome Melo
675 ## - CDU
Notação 929Antunes, Melo
Edição BN
Língua por
675 ## - CDU
Notação 32Antunes, Melo
Edição BN
Língua por
700 #1 - Autor principal
Apelido Rezola,
Nome Maria Inácia,
Datas 1967-
702 #1 - Autor secundário
Apelido Antunes,
Nome António Lobo,
Datas 1942-2026
Função 080
801 #0 - Fonte de origem
País PT
Agência BN
Regras de catalogação RPC
856 41 - Localização e acesso electrónico 
URL <a href="http://rnod.bnportugal.gov.pt/ImagesBN/winlibimg.aspx?skey=&doc=1844020&img=28986&save=true">http://rnod.bnportugal.gov.pt/ImagesBN/winlibimg.aspx?skey=&doc=1844020&img=28986&save=true</a>
990 ## - Elementos KOHA
Tipo de documento Livro
Holdings
Aquisição Empréstimo Código de barras Cota Permissão de empréstimo Tipo de documento Nota relativa ao exemplar
Biblioteca Municipal de Redondo Biblioteca Municipal de Redondo 057394 929 ANT   Livro oferta de Franklim Amaro Cabreirinha. Biografia política de Melo Antunes

Powered by Koha